00346nam a2200145Ia 4500003000400000005001700004008004100021040000900062082001800071100001400089245004000103250001200143260003600155300000900191OSt20200605155131.0190216s9999||||xx |||||||||||||| ||und|| coclc a327.54bGHA/F aGhai, U R 0aForeign Policy Of India /cU R Ghai a7th Ed. bNew Heights,c1997.aJalandhar: a644p